Państwa, które dzielą te regiony 3# - Statystyki

Ogólne statystyki
  • Ten quiz został rozwiązany 833 razy
  • Średni wynik to 25 z 29
Statystyki odpowiedzi
Wspólny region Kraj % Poprawnych
Amazonia Brazylia
96%
Sahara Algieria
93%
Sahara Egipt
93%
Sahara Maroko
93%
Kaukaz Rosja
92%
kraj Basków Hiszpania
91%
kraj Basków Francja
90%
Amazonia Francja
90%
Amazonia Kolumbia
90%
Amazonia Peru
88%
Amazonia Wenezuela
88%
Kaukaz Gruzja
87%
Sahara Libia
87%
Timor Timor Wschodni
87%
Amazonia Boliwia
86%
Kaukaz Armenia
85%
Sahara Sudan
85%
Kaukaz Azerbejdżan
84%
Sahara Tunezja
84%
Timor Indonezja
83%
Sahara Czad
82%
Amazonia Surinam
82%
Amazonia Gujana
81%
Sahara Mali
81%
Sahara Niger
81%
Amazonia Ekwador
80%
Sahara Mauretania
77%
Jutland Dania
70%
Jutland Niemcy
70%
Nie znaleziono quizów pasujących do podanych kryteriów
Rozkład punktacji
Procent ludzi z każdym wynikiem
Percentyl według liczby udzielonych odpowiedzi
Twoja historia wyników
Nie rozwiązałeś tego quizu